Don't Pick Wrong #1 (easy) - Statistics

General Stats
  • This quiz has been taken 339 times
  • The average score is 7 of 35
Answers on the Grid
Answers color-coded by a green-red scale on the quiz's grid according to % correct below.
Click Here
Click Here
Click Here
Click Here
Click Here
Click Here
Click Here
Click Here
Click Here
Click Here
Click Here
Click Here
Click Here
Click Here
Click Here
Click Here
Click Here
Click Here
Click Here
Click Here
Click Here
Click Here
Click Here
Click Here
Click Here
Click Here
Click Here
Click Here
Click Here
Click Here
Click Here
Click Here
Click Here
Click Here
Click Here
Click Here
Click Here
Click Here
Click Here
Click Here
 
Answer Stats
Answer % Correct
Click Here
30%
Click Here
28%
Click Here
28%
Click Here
26%
Click Here
26%
Click Here
26%
Click Here
26%
Click Here
26%
Click Here
26%
Click Here
23%
Click Here
23%
Click Here
23%
Click Here
21%
Click Here
21%
Click Here
21%
Click Here
21%
Click Here
21%
Click Here
21%
Click Here
21%
Click Here
19%
Click Here
19%
Click Here
19%
Click Here
19%
Click Here
19%
Click Here
16%
Click Here
16%
Click Here
16%
Click Here
14%
Click Here
14%
Click Here
14%
Click Here
14%
Click Here
14%
Click Here
12%
Click Here
12%
Click Here
12%
No matching quizzes found
Score Distribution
Percent of People with Each Score
Percentile by Number Answered
Your Score History
You have not taken this quiz